000 00300nam a2200121Ia 4500
005 20251222144650.0
008 251222s9999||||xx |||||||||||||| ||spa||
082 _a985.031/L27
100 _aLastres, Juan B.
245 0 _aLope de Aguirre, El Rebelde:
264 _bUniversidad de Lima
942 _cLIB
999 _c17040
_d17040